| 000 | 00804nab a2200253 4500 | ||
|---|---|---|---|
| 003 | BR-BrBNA | ||
| 005 | 20250526112039.0 | ||
| 008 | 250526b bl.||||| |||| 00| 0 por d | ||
| 040 |
_aBR-BrBNA _bpor |
||
| 072 |
_aL01 ; A50 ; L10 ; E21 ; E70 _b5300 ; 9704 |
||
| 100 | _aSavanachi, Eduardo | ||
| 245 |
_aO porco light da Aurora _bAgrotecnologia |
||
| 500 | _a3 illus. | ||
| 650 | _aPORCO | ||
| 650 | _aCARNE | ||
| 650 | _aPESQUISA | ||
| 650 | _aRAÇA | ||
| 650 | _aCRUZAMENTO ANIMAL | ||
| 650 | _aAGROINDÚSTRIA | ||
| 650 | _aRENTABILIDADE | ||
| 773 | 0 |
_01706 _9347871 _dSão Paulo-SP Editora Três Ltda - E-mail: luizfsa@revistadinheiro.com.br 2004 _o2025-0372 _tDinheiro Rural (Brazil) _x1807-3700 _gv. 5(43) p. 36-37; (May 2008) _wBR2025001193 |
|
| 942 | _cANA | ||
| 999 |
_c331721 _d331721 |
||